01323nam a2200289 a 4500003000900000005001700009007000300026008004100029020001800070040002500088082001400113100004400127245010000171260007200271300003600343500006400379500005700443504003200500590002700532650003300559910001100592942001400603952014300617952012800760952012800888999001701016DO-SdBNP20220530100013.0ta220523e2017 dr ad||gr|||| 001 edspa d a9789945420000 aDO-SdBNPbspacBNPHU 4222bT554a 975778aTiburcio Gómez, Esteband1978-10aApuntes sobre pensamiento complejo, educación e investigación. /cEsteban Tiburcio Gómez. aSan Francisco de Macorís, República Dominicana :bCotoy, c2017 a218 p. :bil., gráf.c21 c.m. aIncluye datos biográficos del autor en la contracubierta. aIncluye biogliografía y notas al pie de páginas. aBibliografía: p. 206- 217 aInvnetariado 2022 / MF 4920985aInferencia (Lógica) aMFeliz 2ddccLBS1 00102ddc51708PDaBNPHUbBNPHUcHDd2020-09-09eDepósito legaloT554ap2022-2316r2022-05-23w2022-05-23yLBS1zEjemplar autografiado 00102ddc51708PDaBNPHUbBNPHUcHDd2020-09-09eDepósito legall0oT554ap2022-2317r2022-05-23te.2w2022-05-23yLBS1 00102ddc56708DSaBNPHUbBNPHUcHDd2020-09-09eDepósito legall0oT554ap2022-2318r2022-05-23te.3w2022-05-23yLBS1 c51787d51787